000 00777nam a22002777a 4500
001 BR7909074
003 BR-BrBNA
005 20230928090429.0
007 ta
008 230509b bl.||||| |||| 00| 0 por d
040 _aBR-BrBNA
_bpor
_cBiblioteca Nacional de Agricultura
041 _a(Por)
072 _aN10; L32
_b4440
_b8952
090 _ 4440 BR7909074
100 1 _aTavares, F.G.
110 1 _aEscola Media de Agricultura da Regiao Cacaueira, Urucuca, BA (Brasil)
245 1 _aSilo trincheira, a forragem armazenada [silagem]
260 3 _aUrucuca, BA (Brasil):
_c1979.
300 _a19 p.
500 _a6 ref.; 12 illus.
650 _aENSILAGEM
650 _aSILAGEM
650 _aSILO TRINCHEIRA
909 _a202309
_bLucia
_c55
_dLucia Elande
942 _cBK
999 _c28810
_d28810